000 00252nam a22001097a 4500
020 _a0133760057
082 _a657.70FRA
100 _aFRAILEY,L.E
_96113
245 _aHand Book of Business Letters
300 _a X1,772pg
_bindex,Bibliograph
942 _cBK
999 _c20240
_d20240